[Event "Ruhrgebiet Verbandsklasse Gruppe 2 1516"]
[Site "Germany"]
[Date "2016.02.21"]
[Round "7.8"]
[White "Kalle, Yannis"]
[Black "Galla, Fabian"]
[Result "1-0"]
[WhiteElo "1671"]
[BlackElo "1105"]
[PlyCount "91"]
[EventDate "2015.09.06"]
[EventType "team-tourn"]
[EventRounds "9"]
[EventCountry "GER"]
[SourceTitle "EXT 2022"]
[Source "ChessBase"]
[SourceDate "2021.10.06"]
[SourceVersion "1"]
[SourceVersionDate "2021.10.06"]
[SourceQuality "1"]
[WhiteTeam "Gerthe Werne"]
[BlackTeam "Ickern"]
[WhiteTeamCountry "GER"]
[BlackTeamCountry "GER"]

1. d4 e6 2. c4 d5 3. Nf3 c5 4. cxd5 exd5 5. Nc3 Nf6 6. Bg5 Be6 7. e3 Nc6 8. Bb5 Qa5 9. a3 Ne4 10. Rc1 Bg4 11. Bf4 a6 12. Be2 Bd6 13. Bxd6 Nxd6 14. 0-0 Be6 15. dxc5 Qxc5 16. Ne4 Nxe4 17. Rxc5 Nxc5 18. Ng5 Rd8 19. Qc2 Ne4 20. Nxe6 fxe6 21. Bxa6 Na5 22. Qa4+ Kf7 23. Qxa5 bxa6 24. f3 Nf6 25. Qxa6 Rd7 26. Rc1 Re8 27. b4 d4 28. exd4 Rxd4 29. Qa7+ Rd7 30. Rc7 Ree7 31. Rxd7 Rxd7 32. Qc5 g6 33. b5 Rd1+ 34. Kf2 Rd2+ 35. Ke3 Rd5 36. Qc6 Re5+ 37. Kf2 Rd5 38. b6 Nd7 39. b7 Nb8 40. Qc7+ Nd7 41. b8Q Rd2+ 42. Kg3 Kf6 43. Qf4+ Kg7 44. Qxd2 Nxb8 45. Qb2+ Kh6 46. Qxb8 1-0